Szczegóły MARC21

Orientacja rynkowa w polskim samorządzie terytorialnym /

003 -Nazwa inst., której nr kontr. jest w polu 001 [,]
    • @
    • Nazwa instytucji, której n kontrolny jest w polu 001
    • NUKAT
005 -DATA I CZAS OSTATNIEJ MODYFIKACJI [,]
    • @
    • pole kontrolne
    • 20241231102825.0
020 -Międzynarod. znormalizowany nr książki - ISBN [ , ]
    • a
    • Numer ISBN
    • 9788373786387 Find
040 -Instytucja sporządzająca opis [ , ]
    • a
    • Instytucja, która sporządziła opis (NP)
    • LUBL 64/JK
    • c
    • Instytucja, która sporządziła rekord (NP)
    • LUBL 64/JK
    • d
    • Instytucja, która zmodyfikowała rekord (P)
    • LUBL 64/EGs
    • d
    • Instytucja, która zmodyfikowała rekord (P)
    • WA LAZ/AZ
942 -Rodzaj dokumentu [ , ]
    • c
    • Rodzaj dokumentu
    • Książka
100 -Hasło główne - nazwa osobowa [1, ]
    • a
    • Nazwa osobowa (NP)
    • Kowalik, Izabela.
    • 9
    • KHW
    • 39127
245 -Strefa tytułu i oznaczenia odpowiedzialności [1,0]
    • a
    • Tytuł
    • Orientacja rynkowa w polskim samorządzie terytorialnym / Find
    • c
    • Pozostałe elementy strefy tytułu i oznaczenia odpowiedzialności (NP)
    • Izabela Kowalik.
260 -Strefa adresu wydawniczego [ , ]
    • a
    • Miejsce wydania (P)
    • Warszawa :
    • b
    • Nazwa wydawcy (P)
    • Oficyna Wydawnicza - Szkoła Główna Handlowa,
    • c
    • Data wydania (P)
    • 2011.
300 -Strefa opisu fizycznego [ , ]
    • a
    • Określenie formy książki i/lub objętość (NP)
    • 254 s. :
    • b
    • Oznaczenie ilustracji (NP)
    • il. ;
    • c
    • Format (NP)
    • 24 cm.
336 -Typ zawartości [ , ]
    • a
    • Termin opisujący typ zawartości
    • Tekst
    • b
    • Kod określający zawartość
    • txt
    • 2
    • Źródło (terminu i kodu)
    • rdacontent
337 -Typ mediów [ , ]
    • a
    • Tryb odtwarzania
    • Bez urządzenia pośredniczącego
    • b
    • Kod typu mediów
    • n
    • 2
    • Źródło (terminu i kodu)
    • rdamedia
338 -Typ/rodzaj nośnika [ , ]
    • a
    • Hasło opisujące typ nośnika
    • Wolumin
    • b
    • Kod typu nośnika
    • nc
    • 2
    • Źródło (terminu i kodu)
    • rdacarrier
490 -Strefa serii i książki wielotomowej - forma nie do wyszukiwania [1, ]
    • a
    • Tytuł (P)
    • Monografie i Opracowania / Szkoła Główna Handlowa, Find
    • x
    • ISSN (NP)
    • 0867-7727 ;
    • v
    • Numeracja (P)
    • 581
830 -Hasło dodatkowe serii i opisu książki wielotomowej - tytuł ujednolicony/tytuł [ ,0]
    • a
    • Tytuł ujednolicony/tytuł (NP)
    • Monografie i Opracowania - Szkoła Główna Handlowa
    • x
    • ISSN
    • 0867-7727
    • v
    • Oznaczenie tomu (NP)
    • 581
    • 9
    • KHW
    • 12047
504 -Uwaga dot. bibliogr. załącznikowej [ , ]
    • a
    • Uwaga dot. bibliografii załącznikowej
    • Bibliogr. s. [223]-239. Indeks.
080 -Uniwersalna Klasyfikacja Dziesiętna [ , ]
    • 2
    • Identyfikator wydania tablic
    • UDC-P058
    • 9
    • UKD
    • 3664
    • a
    • Symbol klasyfikacji
    • 352/353
    • b
    • Dopowiedzenie
    • Organy administracji pierwszego i średniego stopnia. Samorząd terytorialny. Administracja terenowa.
    • 4
    • UKD2
    • 7642
    • x
    • Poddział wspólny
    • (438)
    • c
    • Dopowiedzenie poddz. wspólnego
    • (Polska).
080 -Uniwersalna Klasyfikacja Dziesiętna [ , ]
    • 2
    • Identyfikator wydania tablic
    • BN KHW UKD
    • 9
    • UKD
    • 92291
    • a
    • Symbol klasyfikacji
    • 339.138:332.14
    • b
    • Dopowiedzenie
    • Marketing regionalny. Marketing terytorialny.
    • 4
    • UKD2
    • 7642
    • x
    • Poddział wspólny
    • (438)
    • c
    • Dopowiedzenie poddz. wspólnego
    • (Polska).
650 -Hasło przedmiotowe [ ,7]
    • a
    • Hasło przedmiotowe
    • Marketing instytucji publicznych.
    • 2
    • Źródło terminu
    • kaba
    • 9
    • KHW
    • 162034
980 -Symbol UKD [ , ]
    • a
    • UKD
    • 352/353:339.138:332.14](438)
710 -Hasło dodatkowe - nazwa ciała zbiorowego [2, ]
    • a
    • Nazwa ciała zbiorowego lub nazwa geograficzna jako pierwszy element (NP)
    • Szkoła Główna Handlowa (Warszawa).
    • b
    • Nazwa jednostki podrzędnej (P)
    • Oficyna Wydawnicza.
    • 4
    • Kod relacji
    • pbl
    • 9
    • KHW
    • 50749
856 -Dostęp do wersji elektronicznej [4,8]
    • 3
    • Wyszczególnienie materiału
    • Okładka
856 -Dostęp do wersji elektronicznej [4,1]
    • 3
    • Wyszczególnienie materiału
    • Spis treści
920 -ISBN [ , ]
    • a
    • ISBN
    • 978-83-7378-638-7 Find
Lokalizacja Data inwentaryzacji Sygnatura Numer inwentarzowy Status udost.
BE2012-01-10Ec.2037E.735321
T2016-05-05T.19206T.19206-2